000 00232nam a2200097Ia 4500
008 240331s9999 xx 000 0 und d
082 _bBHA
100 _aBhasin, Kamla
245 0 _aFeminism and its Relevance in South Asia
942 _cL
999 _c4405
_d4405